000 01302nam0a2200373 4500
001 RU\NLR\BIBL_A\022355265
005 20260406042705.0
010 _a978-5-6050787-9-1
_9200
035 _a(NLR Aleph) 022355265
090 _a13260397
_c13260397
100 _a20241017d2024 |||y0rusy50 ca
101 1 _arus
_ceng
_geng
102 _aRU
105 _aac z 000gy
181 0 _ai3
_baxxe
182 0 _an
200 1 _aSome poems of Emily Dickinson
_fв переводе И. Галкиной
203 _aТекст
_bвизуальный
_cнепосредственный
210 _aОбнинск
_cАртифекс
_d2024
215 _a186 с.
_cцв. ил., портр.
_d18
300 _aПредисл. на рус. яз.
300 _aТекст стихов на англ. и рус. яз.
686 1 _aШ6(7США)53-5{Лх1977-175}
686 1 _aШ6(7США)57-5{Лх1977-175}
686 2 _aШ6(2=Р)8-57Галкина
700 1 _8eng
_7ba
_aDickinson
_bE.
_f1830-1886
_gEmily
_3RU\NLR\AUTH\772880
_9112887
702 1 _aGalkina
_bI. V.
_gIrina Vital'evna
_4730
702 1 _aGalkina
_bM.
_gMarina
_4440
942 _cBOOK
980 _aNB